| 000 | 00342cam a22001097a 4500 | ||
|---|---|---|---|
| 008 | 180718b1982 xxu||||| |||| 00| 0 eng d | ||
| 082 | _aB136x5471 C393 | ||
| 100 | _aChowdhury, Anwarullah | ||
| 245 |
_aAgrarian social relations and development in Bangladesh _cby Anwarullah Chowdhury |
||
| 260 |
_aDelhi _bOxford and IBH _c1982 |
||
| 300 | _a106+p. | ||
| 999 |
_c427924 _d427924 |
||